000 00413cam a2200181ua 4500
020 _c2.50
041 _ahin
_h
082 _a891.54
_bBAC/KH
100 _aBachchan, .
245 _aKhaiyam ki mathusala /
_cBachchan.
_hTextual Documents
250 _a6 /
_b.
260 _a :
_bRajpal and Sanch ,
_c1960.
300 _a143 ; .
365 _a2.50
504 _a
942 _cBK
999 _c6363
_d6363